000 00778nam a2200253Ia 4500
003 OSt
005 20220923213941.0
006 a|||||r|||| 00| 0
007 ta
008 220922b |||||||| |||| 00| 0 hin d
024 _a165,793
037 _cTextual
040 _aARTS
_cARTS
_bhin
041 _2hin
_ahin
082 _aO152,1M97,32, L2
100 _aगुप्त, सियारामशरण
_9156365
245 0 _aनकुल
246 _aNakula
260 _aचिरगॉव
_b साहित्य-सदन
_c1972
300 _a128पृ.
_ccm.
650 _aहिन्दी साहित्य
_9156264
942 _hO152,1M97,32, L2
_cTEXL
_2CC
999 _c320272
_d320272